| 000 | 01261nam a22003497a 4500 | ||
|---|---|---|---|
| 003 | CHAP | ||
| 005 | 20251002103645.0 | ||
| 008 | 971013s1973 r 00010 d | ||
| 010 | _a46984 | ||
| 011 | _a47956 | ||
| 035 | _a52100 | ||
| 040 | _cCHAP | ||
| 090 | _aTesis | ||
| 100 | 0 | 0 |
_aValdez García, Mario José. _9117275 |
| 245 | _aEstudio de la entomofauna en los pastos pangola (Digitaria decumbens) y para (Panicum purpurascens) y atracción de Aeneolamia postica Wlaker, a luces y superficies de color | ||
| 260 |
_aCárdenas, Tab. : _bEl autor, _c1973 |
||
| 300 |
_a114 h. _b; gráfs. |
||
| 502 | _aTesis (M.C. Esp. en Entomología) -- Colegio Superior de Agricultura Tropical | ||
| 590 |
_aALEPH _b10 _c20130110 _lUCH01 _h1316 |
||
| 590 |
_aBATCH-UPD _b10 _c20130110 _lUCH01 _h1700 |
||
| 590 |
_aBATCH-UPD _b10 _c20130410 _lUCH01 _h1048 |
||
| 590 |
_aBATCH-UPD _b10 _c20130914 _lUCH01 _h1203 |
||
| 590 |
_aCONVERSION _b10 _c20130109 _lUCH01 _h1326 |
||
| 650 | 1 | 7 |
_aDigitaria decumbens _2 _932575 |
| 650 | 1 | 4 |
_aMosca pinta. _978992 |
| 650 | 1 | 4 |
_aPanicum purpurascens. _985109 |
| 650 | 1 | 4 |
_aPastos _xPlagas. _986069 |
| 650 | 1 | 4 |
_aRepelentes y atrayentes de insectos. _995985 |
| 901 | _aBK | ||
| 942 | _cTESIS | ||
| 949 |
_bBC _cTES _d-116249 _eTS1 _i52100 _si |
||
| 999 |
_c46984 _d46984 |
||